000 00796cam a2200265 i 4500
999 _c44141
_d44141
001 2300440
005 20181008094344.0
008 800814s1980 nyu b 001 0 eng
010 _a 80066351
020 _a0876684096
245 0 0 _aRapprochement :
_bthe critical subphase of separation-individuation /
_cedited by Ruth F. Lax, Sheldon Bach, J. Alexis Burland.
260 _aNew York :
_bJ. Aronson,
_cc1980.
300 _ax, 513 p. ;
_c24 cm.
336 _atext
337 _aunmediated
338 _avolume
504 _aIncludes bibliographies and index.
650 0 _aChild psychopathology.
650 0 _aMother and child.
650 0 _aSeparation-individuation.
700 1 _aLax, Ruth F.
700 1 _aBach, Sheldon.
700 1 _aBurland, J. Alexis.
942 _2lcc
_cBK